00462 2200181 4500001002100000008004100021035002000062245004400082100001600126250002000142260003400162300002000196020001800216084001300234082000800247650001600255990000900271INLIS000000000002265 ind  a0010-0425002265 aSiputbSeri Mengenal HewancM. Rantissi aM. Rantissi aCetakan pertama aJakarta :bBintang Indonesia, a24 hlm.c19 cm. a602-8793-84-1 a590 M. s a590 aM. Rantissi a5983